000 01568cam a2200457 4500
003 PE-LiUPU
005 20250731172701.0
020 _a0875522238
035 _a(Sirsi) i9780875522234
035 _a(Sirsi) 20680
035 _a(Sirsi) 20680
041 _aen
044 _aus
082 0 4 _a241.0404
_bD32
100 1 _aDavis, John Jefferson
245 _aEvangelical Ethic :
_bissues Facing the Church Today /
_cJohn Jefferson Davis.
264 1 _aPhillipsburg, New Jersey :
_bPublishing Company,
_c1993
300 _a293 páginas ;
_c23.5 cm.
504 _aIncluye bibliografía
505 0 _aDimensions of decision making -- Contraception -- Reproductive technologies -- Divorce and remarriage -- Homosexuality -- Abortion -- Infanticide and euthanasia -- Capital punishment -- Civil disobedience and revolution -- War and peace
526 _aSEG42
526 _aSEG41
526 _aSEG40
526 _aSEG39
526 _aP94
526 _aP87
526 _aP86
526 _aP85
526 _aP77
526 _aP76
526 _aP35
650 1 4 _aÉtica cristiana
_xAutores presbiterianos
650 1 4 _aEvangelismo
_9953
942 _2ddc
_cBOOK
949 _a241.0404 D32
_i43583
_lPOSTGRADO
_mBUL
_tLIBRO
_o.STAFF. Posgrado
859 _q43583
_h241.0404
_iD32
910 _aaj-hd
596 _a1
999 _a241.0404 D32
_wDEWEY
_c45
_i43583
_f2021-11-10
_g5
_lCCODEBUL1
_mBUL
_r0
_sY
_tBOOK
_u2015-6-16
_xTEOLOGIA
_zUNKNOWN
_0COMPRA
_o.STAFF. Colección General
_d45
980 _81
_gALBERTO SANCHEZ Responsable de Automatización